000 00805nam a2200229Ii 4500
003 JO-AjNU
008 230605s9999||||xx |||||||||||||| ||und||
017 _a21/5358
020 _a9960-664-31-7
040 _aJO-AjNU
_bara
_erda
_cJO-AjNU
041 _aara
050 1 4 _aLC3969.R87 2001
100 3 _aالروسان،فاروق,
_eauthor
_922906
245 0 0 _aمناهج وأساليب تدريس ذوي الحاجات الخاصة (المهارات الحركية)
250 _aط1
264 3 1 _aالرياض:دار الزهراء،2001
300 _a265ص
336 _atext
_btxt
_2rdacontent
337 _aunmediated
_bn
_2rdamedia
338 _avolume
_bnc
_2rdacarrier
650 4 _aالتربية الخاصة-صعوبات التعلم. الأطفال المعوقون-تعليم.
_922907
999 _aA8205
_c11773
_d11773